Statistics for Cities to country 7

Click here to take the quiz!

General Stats

  • This quiz has been taken 37 times
  • The average score is 9 of 15

Answer Stats

HintAnswer% Correct
RenoUSA
91%
DhakaBangladesh
80%
WindhoekNamibia
74%
San JoseCosta Rica
71%
VaduzLiechtenstein
71%
GroningenNetherlands
69%
MetzFrance
66%
SuvaFiji
60%
DebrecenHungary
54%
RovaniemiFinland
51%
UshuaiaArgentina
46%
OranAlgeria
40%
DiekirchLuxembourg
37%
NascaPeru
37%
Nieuw NickerieSuriname
20%

Score Distribution

Percentile by Number Answered

Percent of People with Each Score

Your Score History

You have not taken this quiz